| 000 | 01120cab a2200421 4500 | ||
|---|---|---|---|
| 001 | ABS50613 | ||
| 008 | 090401t1994 xxu||||| |||| 00| 0 eng d | ||
| 035 | _a(Sirsi) u76670 | ||
| 041 | _aeng | ||
| 245 | _aEstates Times survey: M5 corridor | ||
| 260 | _c1994 | ||
| 350 | _a0 | ||
| 490 |
_aEstates Times _v(1236) 27 May 1994, 11-29(19) |
||
| 650 | _aAVONMOUTH | ||
| 650 | _aBIRMINGHAM CITY 2000 | ||
| 650 | _aBIRMINGHAM | ||
| 650 | _aBRISTOL | ||
| 650 | _aCHELTENHAM | ||
| 650 | _aCHESTERTON | ||
| 650 | _aCORNWALL | ||
| 650 | _aDEVON | ||
| 650 | _aEXETER | ||
| 650 | _aGLOUCESTER | ||
| 650 | _aINDUSTRIAL MARKET | ||
| 650 | _aM5 CORRIDOR | ||
| 650 | _aPROPERTY-COMMERCIAL PROPERTY-OFFICE PROPERTY-OFFICE PROPERTY MARKET | ||
| 650 | _aPLYMOUTH | ||
| 650 | _aPROPERTY-COMMERCIAL PROPERTY-RETAIL PROPERTY-RETAIL PROPERTY MARKET | ||
| 650 | _aSOMERSET | ||
| 650 | _aSTROUD | ||
| 650 | _aTAUNTON | ||
| 650 | _aTOURISM | ||
| 650 | _aWEST BROMWICH | ||
| 650 | _aWOODSPRING | ||
| 690 | _aPROPERTY-COMMERCIAL PROPERTY-COMMERCIAL PROPERTY MARKET | ||
| 942 | _n0 | ||
| 948 | _c04/03/1997 | ||
| 999 |
_c48175 _d48175 |
||